1667 1128 1309 1654 1159 1113 1164 1688 1821 1111 1128 1280 1429 1173 1922 1359 1710 1518 1551 1698 1500 1714 1857 1536 1587 1326 1178 1204 1425 1232 1025 1935 1079 1754 1625 1340 1262 1789 1456 1797 1973 1759 1730 1760 1341 1501 1584 1101 1888 1294 1305 1637 1689 1686 1751 1188 1606 1876 1911 1489 1628 1618 1425 1877 1574 1826 1805 1447 1889 1639 1616 1363 1775 1556 1875 1938 1035 1715 1275 1774 1762 1729 1061 1059 1309 1589 1526 1146 1190 1986 1748 1567 1478 1245 1874 1602 1618 1201 1506 BCNSPRNW ULIB Ver.6.0+V

เปลี่ยนเป็นภาษาไทย

Change to English
 แสดงรายละเอียดบรรณานุกรม
  กลับหน้าหลัก

Brief Record : Get Marc (ISO 2709) : E-mail record : QR code < ปิดหน้าต่าง
LEADER : 00000nam 2200000uu 4500
001    13399108617
003     ULIB
008    110310s2546||||th 000 0 tha d
020    9749177444
060 04 QY400^bก451ก 2546
245 00 การตรวจทางพยาธิวิทยาคลินิก /^cอ้อยทิพย์ ณ ถลาง, บรรณาธิการ
250    พิมพ์ครั้งที่ 1
260    กรุงเทพฯ :^bภาควิชาพยาธิวิทยาวิทยาลัยแพทยศาสตร์พระมงกุฎเกล้า,^c2546
300    145 หน้า :^bภาพประกอบ ;^c27 ซม.
650  7 การควบคุมคุณภาพ
650  7 การเจาะหลัง
650  7 ปัสสาวะ^xการวิเคราะห์
650  7 พยาธิวิทยาคลินิก
650  7 เลือด, การทดสอบ
700 0  อ้อยทิพย์ ณ ถลาง,^eบรรณาธิการ
710 2  วิทยาลัยแพทยศาสตร์พระมงกุฎเกล้า. ^bภาควิชาพยาธิวิทยา
945    ^p300^l0^i016845
945    ^p300^l0^i016844
945    ^p300^l0^i018849
945    ^p300^l0^i016286
945    ^p300^l0^i016285
945    ^p300^l0^i016287
995    ทศพร
999 ^a ใช้งานได้ทุกระบบ
รายการนี้ยังไม่มีแท็ก
คุณยังไม่ได้ล็อกอิน คุณสามารถมีกิจกรรมร่วมกับเว็บไซต์ได้ แต่ต้องล็อกอินก่อน ::
  ล็อกอิน

รายการสื่อสารสนเทศ

ลำดับที่ ประเภท เลขเรียก/บาร์โค้ด สถานที่ สถานะ
1. วิทยาศาสตร์การแพทย์ และสุขภาพ
วิทยาศาสตร์การแพทย์ และสุขภาพ
QY400 ก451ก 2546 ฉ.6 
  Barcode: 016845
ห้องสมุดวิทยาเขตนครสวรรค์
►ส่วนจัดเก็บหนังสือเก่า นว.
บนชั้น
  ขอยืม

รายการใกล้เคียง
    หัวเรื่อง [การควบคุมคุณภาพ]
    หัวเรื่อง [การเจาะหลัง]
    หัวเรื่อง [พยาธิวิทยาคลินิก]
    หัวเรื่อง [เลือด, การทดสอบ]

BibComment


ยังไม่เคยถูกคอมเมนท์

คอมเมนท์ทรัพยากรรายการนี้
  คอมเมนท์: การตรวจทางพยาธิวิ..


 Copyright 2026. Bcnsprnw @Library